| 000 | 00669nam a2200241 a 4500 | ||
|---|---|---|---|
| 999 |
_c4476 _d4476 |
||
| 001 | 4476 | ||
| 003 | BD-JhCC | ||
| 005 | 20171127193109.0 | ||
| 008 | 171127s1980 ii a|||| b||| 001 0 eng d | ||
| 035 | _a(BD-JhCC)4476 | ||
| 040 |
_aBD-JhCC _dBD-JhCC |
||
| 041 | _aeng | ||
| 082 |
_a954 _bMAH 1980 |
||
| 100 | _aMahajan, V. D. | ||
| 245 |
_aA History of India : _bPart I (Ancient India) / _cV. D. Mahajan, |
||
| 250 | _a1st Edi. | ||
| 260 |
_aNew Delhi : _bS. chand & Company Ltd., _c1980. |
||
| 300 |
_avii, 268 p. : _billus., _c22 cm. |
||
| 504 | _aIncludes Bibliographical Reference and Index. | ||
| 650 |
_aHistory _zIndia |
||
| 942 |
_2ddc _cBK |
||